|
|
|
|
| LEADER |
00821nab#a2200301#ar4500 |
| 001 |
000087113 |
| 003 |
SVKKK |
| 005 |
20071205093920.0 |
| 008 |
030616c2007 xo e sloo |
| FMT |
|
|
|
| 038 |
|
|
|a SVKKK
|
| 040 |
|
|
|a SVKKK
|b slo
|e AACR2
|
| 041 |
0 |
|
|a slo
|
| 044 |
|
|
|a xo
|c SK
|
| 080 |
|
|
|a 656.254.1(456.31):28
|2 1997
|
| 100 |
1 |
|
|a Sočufka, František
|4 aut
|
| 245 |
1 |
0 |
|a Rozhlas, ktorý v časoch neslobody dával slobodu
|c František Sočufka ; Johana Bronková
|
| 300 |
|
|
|b Fotogr.
|
| 610 |
2 |
4 |
|a Vatikánsky rozhlas.
|b Slovenské oddelenie (Vatikán)
|x slovenský program
|
| 700 |
1 |
|
|a Bronková, Johana
|4 pht
|
| 773 |
0 |
|
|t Katolícke noviny
|x 0139-8512
|g Roč. 122, č. 18 (2007), s. 10
|
| 958 |
|
|
|a NT
|
| 974 |
|
|
|a Čr
|
| 992 |
|
|
|a RBX
|
| BAS |
|
|
|
| 852 |
|
|
|a SVKKK
|b BIB
|
| EXP |
|
|
|
| 998 |
|
|
|a SLO
|